La théorie mathématique de l'information /
Guardado en:
| Autor Principal: | |
|---|---|
| Otros Autores: | |
| Formato: | Libro |
| Idioma: | French Romanian |
| Publicado: |
Paris :
Dunod,
1968.
|
| Series: | Collection Sigma ;
16 |
| Materias: | |
| Etiquetas: |
Agregar Etiqueta
Sin Etiquetas, Sea el primero en etiquetar este registro!
|
| LEADER | 00817nam a22002415a 4500 | ||
|---|---|---|---|
| 001 | MAT.inmabb003440 | ||
| 008 | 840817s1968####fr#######b####000#0#fre## | ||
| 005 | 20160614130915.0 | ||
| 245 | 1 | 3 | |a La théorie mathématique de l'information / |c Silviu Guiasu, Radu Theodorescu ; [traduit du roumain par Emil Geles]. |
| 260 | |a Paris : |b Dunod, |c 1968. | ||
| 300 | |a viii, 221 p. ; |c 23 cm. | ||
| 440 | 0 | |a Collection Sigma ; |v 16 | |
| 500 | |a Ed. original en rumano publicada en 1966. | ||
| 504 | |a Bibliografía: p. [205]-221. | ||
| 510 | 4 | |a MR, |c 33 #8223 |3 (de la versión original) | |
| 100 | 1 | |a Guiasu, Silviu. | |
| 700 | 1 | |a Theodorescu, Radu. | |
| 650 | 0 | |a Information theory. | |
| 084 | |a 94Axx |2 msc2000 | ||
| 010 | |a 73417301 | ||
| 040 | |a DLC |c CarP |d DLC | ||
| 041 | 1 | |a fre |h rum | |
| 859 | |h 94 |i G943t |p A-4996 |b BIB. MATEMATICA | ||
